Forgotten U.S. City Skylines - Statistics

General Stats
  • This quiz has been taken 41 times
  • The average score is 5 of 15
Answer Stats
Picture Answer % Correct
Fresno
55%
Billings
52%
Fort Lauderdale
52%
New Haven
45%
Durham
41%
Springfield
41%
Baton Rouge
38%
Lubbock
38%
Dayton
34%
Shreveport
31%
Manchester
28%
Spokane
28%
Tacoma
28%
Long Beach
21%
Chattanooga
17%
No matching quizzes found
Score Distribution
Percent of People with Each Score
Percentile by Number Answered
Your Score History
You have not taken this quiz